000 00543nam a22001697a 4500
999 _c168120
_d168120
005 20190926163900.0
010 _aB-219165
020 _a8183820220
_c95.00
037 _bLotus Press
082 _a650.1
245 _aHow to start my business/
_cPhilip J. Samuel
260 _aNew Delhi
_bLotus Press
_c2006
270 _a4263/3 Ansari road Darya Ganj New Delhi-110002
300 _a104p.
_c22cm.
942 _2ddc
_cEN
_h650.1
_mSAM